Odmeňovanie zamestnancov

Odmeňovanie zamestnancov predstavuje zložitý proces, dotýkajúci sa každého zamestnanca i zamestnávateľa. Externé a interné faktory, ktoré ovplyvňujú systém odmeňovania. Základné kategórie odmeňovania pre výpočet miezd a ich zdaňovanie. Príklady a riešenia.

Salvato in:
Dettagli Bibliografici
Autore principale: Bukovová, Sylvia, 1959-
Natura: Capitolo di libro
Lingua:slovacco
Soggetti:
Tags: Aggiungi Tag
Nessun Tag, puoi essere il primo ad aggiungerne!!

MARC

LEADER 00000naa$a2200000$$$4500
001 0190421
005 20240502073213.6
041 0 |a slo 
044 |a SK 
245 1 0 |a Odmeňovanie zamestnancov  |c Sylvia Bukovová 
520 |a Odmeňovanie zamestnancov predstavuje zložitý proces, dotýkajúci sa každého zamestnanca i zamestnávateľa. Externé a interné faktory, ktoré ovplyvňujú systém odmeňovania. Základné kategórie odmeňovania pre výpočet miezd a ich zdaňovanie. Príklady a riešenia. 
610 2 0 |a zamestnávatelia 
610 2 0 |a zamestnanci 
610 2 0 |a mzdy 
610 2 0 |a odmeňovanie 
610 2 0 |a politika mzdová 
610 2 0 |a katalógy kvalifikačné 
610 2 0 |a tarify mzdové 
610 2 0 |a dane z príjmov 
100 1 |a Bukovová, Sylvia, 1959-